Výzvy súčasného vzdelávania: nové zručnosti, nové metódy

Význam využívania nových technológií v oblasti neformálneho vzdelávania. "Kužeľ učenia sa" ako kľúč k efektívnemu vyučovaniu. Inovatívne a aktivizujúce metódy vyučovania.

Salvato in:
Dettagli Bibliografici
Autore principale: Bartalosová, Erika, 1986-
Natura: Capitolo di libro
Lingua:slovacco
Soggetti:
Tags: Aggiungi Tag
Nessun Tag, puoi essere il primo ad aggiungerne!!

MARC

LEADER 00000naa a2200000 4500
001 0236075
005 20240502073823.0
041 0 |a slo 
044 |a SK 
245 1 0 |a Výzvy súčasného vzdelávania: nové zručnosti, nové metódy  |c Erika Bartalosová 
520 |a Význam využívania nových technológií v oblasti neformálneho vzdelávania. "Kužeľ učenia sa" ako kľúč k efektívnemu vyučovaniu. Inovatívne a aktivizujúce metódy vyučovania. 
610 2 0 |a výučba vedecká 
610 2 0 |a technológie informačné 
610 2 0 |a technológie komunikačné 
610 2 0 |a zručnosti 
610 2 0 |a vzdelávanie 
100 1 |a Bartalosová, Erika, 1986-